Les homonymes dans la langue française - Lettre A - Statistiques

Statistiques générales
  • Ce quiz a été pris 632 fois
  • Le résultat moyen est 23 sur 27
Statistiques - réponses
Mot Indice Homonyme % Correct
aire on le respire air
99%
aîe épice ail
98%
aile pronom personnel féminin elle
98%
ancre stylo encre
98%
amande PV amende
97%
apprêt ensuite après
95%
antre parmi entre
95%
allée bruni par le soelil hâlé
95%
aire période de l'histoire de l'univers ère
94%
anche articulation hanche
94%
auteur dimension, taille hauteur
94%
autel nuitée hôtel
94%
aine profonde aversion haine
93%
axant signe sur une voyelle accent
92%
are le cinéma en est un art
92%
autan pareillement autant
92%
ancrage imprimerie encrage
92%
alène air sortant des poumons haleine
83%
allo cercle lumineux halo
83%
auspice établissement d'accueil et d'assistance hospice
79%
arrhe petite surface are
77%
allaitement fait de respirer de manière forte halètement
62%
ara étalons et juments haras
62%
accro déchirure dans un vêtement accroc
61%
antan obsédant hantant
51%
aire homme misérable hère
49%
art acompte arrhe
43%
Aucun quiz correspondant
Distribution des résultats
% des personnes avec chaque résultat
Percentile par nombre de réponses
Votre historique - résultats
Vous n’avez pas pris ce quiz